La iglesia y el estado en Colombia (Registro nro. 303299)
[ vista simple ]
| 000 -ENCABEZADO | |
|---|---|
| Número de control [NR] | 01398nam a2200253Ia 4500 |
| 005 - FECHA Y HORA DE LA ÚLTIMA TRANSACCIÓN | |
| control field | 20160426093805.0 |
| 008 - DE LONGITUD FIJA DE DATOS DE ELEMENTOS - INFORMACIÓN GENERAL | |
| Elementos de longitud fija [NR] | 130821s1885 enk fr 1 spa d |
| 040 ## - FUENTE DE CATALOGACION [NR] | |
| Agencia de catalogación original [NR] | Co-BoUCM |
| Idioma de catalogación [NR] | spa |
| Quien Cataloga | Sandra Yazo |
| Quien Clasifica | Sandra Yazo |
| 041 0# - CODIGO DE IDIOMA [R] | |
| Código de idioma para texto/pista de sonido o título separado [R] | Español |
| 082 04 - NUMERO DE CLASIFICACION DECIMAL DEWEY [R] | |
| Número de clasificación [R] | 322.1 |
| Número de la edición [NR] | 20 |
| 092 ## - SIGNATURA TOPOGRAFICA LOCAL | |
| Número de clasificación local | E39N049 |
| 100 1# - ASIENTO PRINCIPAL--NOMBRE PERSONAL [NR] | |
| Nombre personal [NR] | Restrepo, Juan Pablo |
| Fechas asociadas con el nombre [NR] | 1840-1896 |
| ID Autoridad | 76858 |
| 245 13 - MENCION DE TITULO [NR] | |
| Título [NR] | La iglesia y el estado en Colombia |
| Mención de responsabilidad, etc. [NR] | Juan Pablo Restrepo |
| 260 ## - PUBLICACION, DISTRIBUCION, ETC. (PIE DE IMPRENTA) [R] | |
| Lugar de publicación, distribución, etc. [R] | Londres (Inglaterra) |
| Nombre del editor, distribuidor, etc. [R] | Emiliano Isaza |
| Fecha de publicación, distribución, etc. [R] | 1885 |
| 300 ## - DESCRIPCION FISICA [R] | |
| Extensión [R] | xii, 690 páginas |
| Dimensiones [R] | 23 x 16 cm |
| 500 ## - NOTA GENERAL [R] | |
| Nota general [NR] | Detalles físicos: Encuadernación rígida en cartón forrado en tela. Tapas con recuadros y adornos repujados. Lomo con adornos en dorado y negro. Guardas, la delantera con una anotación manuscrita. Portada impresa en una sola tinta, muy manchada. Texto impreso en una sola tinta, algunas notas al pie de página. Papel muy manchado. Tapas y lomo con bordes deteriorados |
| 505 2# - NOTA DE CONTENIDO CON FORMATO PREESTABLECIDO [R] | |
| Nota de contenido con formato preestablecido [NR] | Introducción ; Época del gobierno español ; Época del gobierno republicano durante la unión de la iglesia y el estado ; Época de la separación de las dos potestades |
| 506 ## - NOTA DE RESTRICCIONES DE ACCESO [R] | |
| Condiciones de acceso [NR] | Consulta en sala |
| 650 #7 - ASIENTO SECUNDARIO DE MATERIA - TERMINO TEMATICO [R] | |
| Término temático o nombre geográfico como elemento de entrada [NR] | Iglesia y Estado |
| Subdivisión geográfica [R] | Colombia |
| 9 (RLIN) | 17140 |
| 650 #7 - ASIENTO SECUNDARIO DE MATERIA - TERMINO TEMATICO [R] | |
| Término temático o nombre geográfico como elemento de entrada [NR] | Iglesia Católica |
| Subdivisión geográfica [R] | Colombia |
| 9 (RLIN) | 53682 |
| 690 ## - ASUNTO AGREGADO LOCAL DE ENTRADA - TÉRMINO TEMÁTICO (OCLC, RLIN) | |
| Acceso temático local | Estado |
| 9 (RLIN) | 7594 |
| 856 41 - LOCALIZACION Y ACCESO ELECTRONICOS [R] | |
| Identificador Uniforme del Recurso (“URI”) [R] | <a href="https://archive.org/stream/laiglesiayelest00restgoog#page/n7/mode/2up">https://archive.org/stream/laiglesiayelest00restgoog#page/n7/mode/2up</a> |
| Nota dirigida al público [R] | Disponible en línea |
| 942 ## - ELEMENTOS DE ENTRADA AGREGADOS (KOHA) | |
| Tipo de ítem principal el descrito en 300a | Libro |
| Edición | 1 |
| Sistema de clasificación | LOCAL |
| Clasificación | E39N049 |
| Suprimido | Perdido | Sistema de clasificación | Dañado | No prestable | Tipo de ítem específico | Ubicación habitual | Ubicación actual | Localización | Fecha de creación | Forma de adquisición | Costo | Total préstamos | Signatura topográfica | Código de barras | Última vez visto | Ejemplar | Price effective from | Tipo de ítem |
|---|---|---|---|---|---|---|---|---|---|---|---|---|---|---|---|---|---|---|
| LOCAL | Libro archivo | Archivo Histórico | Archivo Histórico | Archivo histórico | 26/04/2016 | Donación | 0.00 | E39N049 | L005553 | 26/04/2016 | Ej.1 | 26/04/2016 | Libro |